000 00419nam a2200181Ia 4500
001 2181
005 20260306143823.0
008 260306t2007||||xx |||||||||||||| ||spa||
041 _aESP
082 _a616.0019
_bT27
100 _aTaylor, Shelley E.
_eAUT
245 0 _aPsicologĂ­a de la salud
260 _c2007
300 _a558 páginas :
_c27 cm.
650 _aGEN
654 _aCPS
942 _cLIB
_dJUS
_fJUS
_2ddc
_n
999 _c2181
_d2181